[Event "Santiago Torneo de Invierno"]
[Site "Santiago de Chile"]
[Date "2015.08.11"]
[Round "5.4"]
[White "Bernucci Calisto, Enzo"]
[Black "Beytia Mauret, Luis"]
[Result "0-1"]
[WhiteElo "1835"]
[BlackElo "1689"]
[PlyCount "80"]
[EventDate "2015.07.14"]
[EventType "tourn"]
[EventRounds "9"]
[EventCountry "CHI"]
[SourceTitle "EXT 2024"]
[Source "ChessBase"]
[SourceDate "2023.10.10"]
[SourceVersion "1"]
[SourceVersionDate "2023.10.10"]
[SourceQuality "1"]

1. e4 c5 2. d4 cxd4 3. c3 dxc3 4. Nxc3 Nc6 5. Nf3 d6 6. Bc4 a6 7. 0-0 e6 8. Qe2 Nf6 9. Rd1 Bd7 10. Bf4 Qb8 11. Rac1 Ne5 12. Bb3 Be7 13. Nxe5 dxe5 14. Bg5 Bc6 15. Rd3 0-0 16. Rh3 Re8 17. Rd1 Rd8 18. Re1 Rd4 19. Bxf6 Bxf6 20. Qh5 h6 21. Rg3 Kf8 22. Rf3 Qd8 23. h4 Be8 24. Qg4 Qe7 25. Ree3 Kg8 26. Rg3 g6 27. h5 g5 28. f4 exf4 29. Qxf4 Bg7 30. Qg4 Rad8 31. Rgf3 Rd2 32. e5 Bc6 33. Rf2 Rxf2 34. Kxf2 Rd2+ 35. Re2 Qc5+ 36. Kf1 Rxe2 37. Qxe2 Qxe5 38. Qd1 Qf4+ 39. Kg1 Be5 40. Qd3 Bd4+ 0-1